Advanced plasma theory (Record no. 2625)

MARC details
000 -LEADER
fixed length control field 00902nam a2200205Ia 4500
003 - CONTROL NUMBER IDENTIFIER
control field IN-BaIIA
008 - FIXED-LENGTH DATA ELEMENTS--GENERAL INFORMATION
fixed length control field 211028s9999 xx 000 0 eng d
040 ## - CATALOGING SOURCE
Transcribing agency IIA Library
080 ## - UNIVERSAL DECIMAL CLASSIFICATION NUMBER
Universal Decimal Classification number 063:53
Item number ENF-25
100 ## - MAIN ENTRY--PERSONAL NAME
Personal name Rosenbluth, M.N.
9 (RLIN) 4661
111 ## - MAIN ENTRY--MEETING NAME
Meeting name or jurisdiction name as entry element International School of Physics 'Enrico Fermi" Course
Location of meeting Varenna Sul Lago di Como, Villa Monastero
Date of meeting or treaty signing 1962 July 9-21
9 (RLIN) 4662
245 #0 - TITLE STATEMENT
Title Advanced plasma theory
Remainder of title proceedings of the international school of physics "Enrico Fermi" course held in Varenna Sul Lago di Como, Villa Monastero July 9-21 1962
Statement of responsibility, etc. M.N. Rosenbluth
260 ## - PUBLICATION, DISTRIBUTION, ETC.
Place of publication, distribution, etc. New York
Name of publisher, distributor, etc. Academic Press
Date of publication, distribution, etc. 1964
300 ## - PHYSICAL DESCRIPTION
Extent xii,266p
490 ## - SERIES STATEMENT
Series statement Proceedings of the International School of Physics Enrico Fermi Course; v. 23
650 ## - SUBJECT ADDED ENTRY--TOPICAL TERM
Topical term or geographic name entry element Astronomy and Astrophysics Thesaurus
650 ## - SUBJECT ADDED ENTRY--TOPICAL TERM
Topical term or geographic name entry element Plasma Physics
9 (RLIN) 3732
650 ## - SUBJECT ADDED ENTRY--TOPICAL TERM
Topical term or geographic name entry element Plasmas
9 (RLIN) 1898
942 ## - ADDED ENTRY ELEMENTS (KOHA)
Koha item type Books
Holdings
Withdrawn status Lost status Source of classification or shelving scheme Damaged status Not for loan Home library Current library Shelving location Date acquired Cost, normal purchase price Total Checkouts Full call number Barcode Date last seen Cost, replacement price Price effective from Koha item type Purchase Price
    Dewey Decimal Classification     IIA Library-Bangalore IIA Library-Bangalore General Stacks 30/03/1966 43.88   063:53/ ENF-25 2930 05/11/2021 43.88 30/03/1966 Books Rs. 43.88

Powered by Koha